Normal view
MARC view
- ARSLAN SAFDAR
Entry Personal Name
001 - CONTROL NUMBER
- control field: 70426
003 - CONTROL NUMBER IDENTIFIER
- control field: NUST
005 - DATE AND TIME OF LATEST TRANSACTION
- control field: 20210628204447.0
008 - FIXED-LENGTH DATA ELEMENTS
- fixed length control field: 210628|| aca||aabn | a|a d
040 ## - CATALOGING SOURCE
- Original cataloging agency: NUST
- Transcribing agency: NUST
100 ## - HEADING--PERSONAL NAME
- Personal name: ARSLAN SAFDAR
670 ## - SOURCE DATA FOUND
- Source citation: Work cat.: (NUST): ARSLAN SAFDAR , TH-SOF-1466-Leader-Following Sample Data Cooperative Output Regulation of Multi-Agent System with Switching Network Topologies, 2018
